Statistics for U.S Presidents Still Alive

Click here to take the quiz!

General Stats

  • This quiz has been taken 127 times
  • The average score is 6 of 6

Answer Stats

Answer% Correct
Donald Trump
100%
Barack Obama
99%
Joe Biden
97%
Bill Clinton
96%
George W. Bush
96%
Jimmy Carter
89%

Score Distribution

Percentile by Number Answered

Percent of People with Each Score

Your Score History

You have not taken this quiz